Blumen A - Z Bilderquiz - Statistiken

Allgemein
  • Dieses Quiz wurde 578 mal gespielt
  • Das Durchschnittsergebnis liegt bei 13 aus 23
Antwortstatistiken
Bildquiz Hint Antwort % Korrekt
L Löwenzahn
96%
R Rose
96%
T Tulpe
94%
G Gänseblümchen
93%
M Maiglöckchen
91%
V Veilchen
79%
S Schneeglöckchen
77%
W Weihnachtsstern
77%
K Kamille
76%
N Nelke
73%
H Hyazinthe
63%
D Dahlie
61%
I Iris
53%
J Jasmin
52%
B Bärlauch
41%
P Primel
35%
E Eisenhut
33%
O Oleander
31%
C Christrose
28%
F Fuchsie
27%
U Usambaraveilchen
26%
Z Zwiebel
21%
A Arnika
19%
Keine übereinstimmenden Quizze gefunden
Verteilung der Resultate
Anzahl Personen mit jedem Resultat
Perzentil nach korrekt beantworteten Fragen
Ihre Resultats-Entwicklung
Sie haben dieses Quiz noch nicht gespielt